000 00503nam a2200169 i 4500
001 50430
003 ES-MaACL
005 20230906162158.0
007 t|
008 030804s1967 sp ||||1| spa d
245 0 0 _aCultivo de cítricos...
260 _a[S.l. :
_bs.n.,
_c1967] (
_eMurcia :
_fNogués)
300 _a156 p. ;
_c21 cm.
500 _aPrecede al tít.: Servicio de Extensión Agraria.
710 2 _aEspaña.
_bServicio de Extensión Agraria.
_93975
852 _aES-MaACL
_jC-33771
_bR.64721
999 _c50430
_d50430